000 01212nam a2200313 i 4500
003 EG-GICUC
005 20260328094009.0
008 260328s19861407ua ||||fr|||| 00| 0 ara d
040 _a EG-GICUC
_bara
_c EG-GICUC
_d EG-GICUC
_erda
041 _aara
082 0 4 _221
_a343.91
_bم ع
092 0 4 _221
099 _aLaw1 10 343.91 م ع 1986
245 0 0 _aمعالجة الشريعة الاسلامية لمشاكل انحراف الأحداث :
_bأبحاث الندوة العلمية السابعة /
264 1 _aالرياض :
_bالمركز العربي للدراسات الأمنية والتدريب،
_c1986.
300 _a393 صفحة ;
_c24 سم.
336 _2rda content
_atext
337 _2rda media
_aComputer
338 _2rda carrier
_aOnline Resource
504 _aيشتمل على إرجاعات ببليوجرافية.
546 _aالنص باللغة العربية
650 1 _aالقانون الجنائي
650 1 _aالنظام الجنائي الإسلامي
651 1 _2الشريعة الاسلامية
651 1 _2انحراف الأحداث
856 4 0 _uhttps://fll.law.cu.edu.eg/fulltext/bks/B10-08285.pdf
905 _a43
942 _2ddc
_n0
_cBK
_e21
999 _c67061
_d67061